Profile of nutrition of rural adolescent girls / (Record no. 125605)

MARC details
000 -LEADER
fixed length control field 00767nam a22002297a 4500
005 - DATE AND TIME OF LATEST TRANSACTION
control field 20170124105957.0
010 ## - LIBRARY OF CONGRESS CONTROL NUMBER
LC control number B-058954
020 ## - INTERNATIONAL STANDARD BOOK NUMBER
Terms of availability 00.00
International Standard Book Number 8171415946
035 ## - SYSTEM CONTROL NUMBER
System control number 734135
037 ## - SOURCE OF ACQUISITION
Source of stock number/acquisition Cen Lib/Ret
040 ## - CATALOGING SOURCE
Original cataloging agency DPL
Language of cataloging EN
082 ## - DEWEY DECIMAL CLASSIFICATION NUMBER
Classification number 363.8
Item number KUS
100 ## - MAIN ENTRY--PERSONAL NAME
Personal name Kusuma, D.L.
9 (RLIN) 14919
245 ## - TITLE STATEMENT
Title Profile of nutrition of rural adolescent girls /
Statement of responsibility, etc by D.L. Kusuma
260 ## - PUBLICATION, DISTRIBUTION, ETC. (IMPRINT)
Place of publication, distribution, etc New Delhi
Name of publisher, distributor, etc Discovery Publishing House
Date of publication, distribution, etc 2001
270 ## - ADDRESS
City New Delhi
Address 4831/24, ansari road prahlad street, dariya ganj
Postal code 110002
300 ## - PHYSICAL DESCRIPTION
Extent 266p.
Dimensions 21cm(Hb)
500 ## - GENERAL NOTE
General note Includes appendix, bibliographical references and index
650 ## - SUBJECT ADDED ENTRY--TOPICAL TERM
Topical term or geographic name as entry element Teenage girls
9 (RLIN) 14920
650 ## - SUBJECT ADDED ENTRY--TOPICAL TERM
Topical term or geographic name as entry element Teenage girls--Nutrition
Geographic subdivision India
9 (RLIN) 14921
942 ## - ADDED ENTRY ELEMENTS (KOHA)
Source of classification or shelving scheme Dewey Decimal Classification
Koha item type English Books
Classification part 363.8
Call number suffix KUS
Holdings
Withdrawn status Lost status Damaged status Not for loan Home library Current library Date acquired Source of acquisition Cost, normal purchase price Total Checkouts Full call number Barcode Date last seen Copy number Cost, replacement price Price effective from Koha item type Public note
Written off       Central Library Central Library 22/06/2015 Cen Lib/Ret 0.00   363.8 KUS B-058954 22/06/2015 1 0.00 22/06/2015 English Books W/d List No. 6868/24 ; dtd 11/08/2020

© Delhi Public Library
Hit Counter
free hit counter